| 000 | 02748cam a2200613Ia 4500 | ||
|---|---|---|---|
| 003 | PE-LiUPU | ||
| 005 | 20250731172846.0 | ||
| 008 | 150117s2015 mnu ob 000 0 eng d | ||
| 020 |
_a1451494270 _qelectronic bk. |
||
| 020 |
_a9781451494273 _qelectronic bk. |
||
| 020 | _z1451485301 | ||
| 020 | _z9781451485301 | ||
| 035 | _a(Sirsi) i9781451494273 | ||
| 040 |
_aEBLCP _bspa _epn _cEBLCP _dOCLCO _dOCLCQ _dE7B _dJSTOR _dYDXCP _dCOO _dOCLCF _dOCLCQ _dN$T _dCSJ _dPE-LiUPU |
||
| 049 | _aPRUA | ||
| 082 | 0 | 4 |
_a296.32 _bJ25 _223 |
| 100 | 1 |
_aJason, Mark A., _eautor. |
|
| 245 | 1 | 0 |
_aRepentace at Qumran _h[electronic resource] : _bThe penitential framework of religious experience in the Dead Sea Scrolls / _cMark A. Jason. |
| 264 |
_aMinneapolis : _bFortress Press, _c2015. |
||
| 300 |
_axi, 303 páginas ; _c23 centímetros. |
||
| 336 |
_atext _2rdacontent |
||
| 337 |
_aunmediated _2rdamedia |
||
| 338 |
_avolume _2rdacarrier |
||
| 504 | _aBibliografía : páginas 253-280. | ||
| 504 | _aÍndices : páginas 281-289. | ||
| 505 | 0 | _aRepentance at Qumran; Repentance at Qumran; Contents; Abbreviations; Acknowledgments; Introduction; Religious Experience and Repentance; Motivations for Repentance; Repentance, Separation, and the Covenant; Predestined Repentance; The Extent of Repentance; Repentance in Daily Life: Cult and Rituals; Repentance and Eschatology; Conclusion; Bibliography; Index of Authors; Index of Scriptures and Ancient Literature. | |
| 526 | _aSEG42 | ||
| 526 | _aSEG41 | ||
| 526 | _aSEG40 | ||
| 526 | _aSEG39 | ||
| 526 | _aP94 | ||
| 526 | _aP87 | ||
| 526 | _aP86 | ||
| 526 | _aP85 | ||
| 526 | _aP77 | ||
| 526 | _aP76 | ||
| 526 | _aP35 | ||
| 630 | 0 | 0 | _aDead Sea scrolls. |
| 650 | 0 |
_aArrepentimiento _xJudaismo. |
|
| 650 | 7 |
_aRELIGION / Judaismo / General _2bisacsh |
|
| 856 | 4 | 0 |
_3ebrary _uhttp://site.ebrary.com/id/11020505 |
| 856 | 4 | 0 |
_3JSTOR _uhttp://www.jstor.org/stable/10.2307/j.ctt9m0t9z |
| 856 | 4 | 0 |
_uhttp://public.eblib.com/choice/PublicFullRecord.aspx?p=3381740 _3Ebook Library |
| 910 |
_jck _bhop _chop _d20160530 |
||
| 942 |
_2ddc _cBOOK |
||
| 949 |
_a296.32 J25 _wDEWEY _c1 _i73233 _lCCODEBUL1 _mBUL _p34.30 _r0 _sY _tBOOK _u2016-5-30 _xTEOLOGIA _PP85 _0COMPRA _o.STAFF. Posgrado |
||
| 994 |
_aC0 _bPEPRU |
||
| 856 | 4 | 0 |
_3ebrary _uhttp://site.ebrary.com/id/11020505 |
| 856 | 4 | 0 |
_3JSTOR _uhttp://www.jstor.org/stable/10.2307/j.ctt9m0t9z |
| 856 | 4 | 0 |
_uhttp://public.eblib.com/choice/PublicFullRecord.aspx?p=3381740 _3Ebook Library |
| 596 | _a1 | ||
| 999 |
_a296.32 J25 _wDEWEY _c9671 _i73233 _f2021-11-11 _g5 _lCCODEBUL1 _mBUL _p34.30 _r0 _sY _tBOOK _u2016-5-30 _xTEOLOGIA _PP85 _0COMPRA _o.STAFF. Posgrado _d9671 |
||
| 980 |
_81 _gALBERTO SANCHEZ Responsable de Automatización |
||